Statistics for Free the World Map by nearby World Capital in 90 Seconds

Click here to take the quiz!

General Stats

  • This quiz has been taken 2,152 times
  • The average score is 218 of 322

Answers on the Map

Answers color-coded by a green-red scale on the quiz's map according to % correct below.
 

Answer Stats

Block% Correct
lat20-lon-80
98%
lat40-lon10
98%
lat50-lon0
98%
lat50-lon10
98%
lat50-lon20
98%
lat-20-lon-60
97%
lat30-lon-90
97%
lat40-lon0
97%
lat-10-lon-60
96%
lat10-lon-90
96%
lat-20-lon-50
96%
lat30-lon0
96%
lat-30-lon-50
96%
lat30-lon-70
96%
lat30-lon-80
96%
lat40-lon-10
96%
lat40-lon-100
96%
lat40-lon40
96%
lat40-lon-80
96%
lat50-lon-10
96%
lat50-lon30
96%
lat60-lon0
96%
lat60-lon10
96%
lat20-lon-90
95%
lat-30-lon-40
95%
lat40-lon30
95%
lat40-lon-70
95%
lat40-lon-90
95%
lat60-lon-10
95%
lat10-lon-100
94%
lat20-lon-100
94%
lat-30-lon-70
94%
lat40-lon-60
94%
lat50-lon-70
94%
lat50-lon-80
94%
lat50-lon-90
94%
lat60-lon30
94%
lat60-lon-80
94%
lat0-lon-100
93%
lat0-lon-50
93%
lat0-lon-70
93%
lat-10-lon-50
93%
lat-10-lon-70
93%
lat30-lon-100
93%
lat50-lon-20
93%
lat60-lon20
93%
lat0-lon-40
92%
lat0-lon-80
92%
lat10-lon-110
92%
lat20-lon-110
92%
lat30-lon130
92%
lat-10-lon-30
91%
lat-10-lon-40
91%
lat20-lon-120
91%
lat-20-lon-30
91%
lat-20-lon-40
91%
lat30-lon-110
91%
lat40-lon120
91%
lat40-lon130
91%
lat40-lon20
91%
lat50-lon40
91%
lat50-lon50
91%
lat70-lon0
91%
lat10-lon-80
90%
lat-10-lon-80
90%
lat-20-lon-70
90%
lat-20-lon-80
90%
lat30-lon10
90%
lat30-lon40
90%
lat-30-lon-60
90%
lat40-lon140
90%
lat50-lon130
90%
lat60-lon40
90%
lat70-lon30
90%
lat10-lon-70
89%
lat-20-lon10
89%
lat20-lon120
89%
lat-20-lon20
89%
lat30-lon60
89%
lat-40-lon-60
89%
lat-40-lon-70
89%
lat30-lon110
88%
lat30-lon120
88%
lat30-lon70
88%
lat-30-lon-80
88%
lat40-lon110
88%
lat70-lon40
88%
lat20-lon40
87%
lat20-lon-70
87%
lat30-lon100
87%
lat50-lon120
87%
lat20-lon30
86%
lat30-lon50
86%
lat40-lon100
86%
lat40-lon70
86%
lat60-lon50
86%
lat10-lon30
85%
lat10-lon-60
85%
lat20-lon0
85%
lat20-lon70
85%
lat30-lon30
85%
lat40-lon90
85%
lat10-lon80
84%
lat20-lon90
84%
lat30-lon20
84%
lat-30-lon30
84%
lat40-lon80
84%
lat50-lon110
84%
lat0-lon-60
83%
lat30-lon-10
83%
lat-30-lon10
83%
lat-30-lon20
83%
lat-40-lon160
83%
lat-10-lon30
82%
lat20-lon-10
82%
lat-20-lon150
82%
lat20-lon80
82%
lat30-lon80
82%
lat-40-lon30
82%
lat0-lon-90
81%
lat-20-lon140
81%
lat-30-lon150
81%
lat-30-lon160
81%
lat-40-lon20
81%
lat50-lon80
81%
lat0-lon20
80%
lat0-lon30
80%
lat10-lon10
80%
lat-30-lon130
80%
lat-30-lon140
80%
lat30-lon90
80%
lat-40-lon130
80%
lat-40-lon140
80%
lat-40-lon150
80%
lat-50-lon140
80%
lat-50-lon150
80%
lat0-lon0
79%
lat0-lon90
79%
lat10-lon110
79%
lat10-lon20
79%
lat20-lon20
79%
lat0-lon10
78%
lat10-lon100
78%
lat40-lon50
78%
lat60-lon120
78%
lat-10-lon20
77%
lat10-lon0
76%
lat10-lon-10
76%
lat70-lon20
76%
lat0-lon110
75%
lat0-lon120
75%
lat-10-lon-90
75%
lat20-lon140
75%
lat30-lon-20
75%
lat-20-lon40
74%
lat20-lon50
74%
lat40-lon60
74%
lat70-lon10
74%
lat0-lon100
73%
lat-10-lon40
73%
lat-30-lon-90
73%
lat-40-lon-80
73%
lat-50-lon-70
73%
lat0-lon50
72%
lat-10-lon10
72%
lat-10-lon100
72%
lat10-lon50
72%
lat60-lon-20
72%
lat70-lon-10
72%
lat10-lon-20
71%
lat10-lon40
70%
lat20-lon10
70%
lat20-lon110
70%
lat30-lon140
70%
lat0-lon40
69%
lat-20-lon-90
69%
lat0-lon-10
68%
lat-10-lon110
68%
lat10-lon120
68%
lat20-lon-60
68%
lat0-lon-20
67%
lat10-lon90
67%
lat-20-lon30
67%
lat-10-lon0
66%
lat10-lon-30
66%
lat20-lon-20
66%
lat40-lon-20
66%
lat-40-lon-50
66%
lat-10-lon50
65%
lat20-lon60
65%
lat30-lon150
65%
lat40-lon150
65%
lat40-lon160
65%
lat50-lon140
65%
lat50-lon150
65%
lat50-lon60
65%
lat60-lon140
65%
lat-40-lon-40
64%
lat50-lon-30
64%
lat-50-lon-50
64%
lat-50-lon-60
64%
lat60-lon-30
64%
lat60-lon-40
64%
lat70-lon-20
64%
lat70-lon-30
64%
lat70-lon-40
64%
lat80-lon-20
64%
lat80-lon-30
64%
lat10-lon-50
63%
lat20-lon100
62%
lat-30-lon-180
62%
lat-30-lon180
62%
lat-30-lon40
62%
lat50-lon-60
62%
lat60-lon-70
62%
lat-10-lon120
61%
lat10-lon60
61%
lat-30-lon170
58%
lat0-lon60
57%
lat-10-lon90
57%
lat-20-lon100
57%
lat-40-lon-180
57%
lat-40-lon180
57%
lat20-lon-30
56%
lat-20-lon110
54%
lat-40-lon170
53%
lat10-lon130
52%
lat10-lon-40
52%
lat20-lon-50
52%
lat-30-lon0
52%
lat-40-lon10
52%
lat-40-lon-170
52%
lat50-lon70
52%
lat20-lon130
51%
lat-50-lon160
51%
lat-50-lon170
51%
lat-50-lon-170
51%
lat-50-lon-180
51%
lat-50-lon180
51%
lat-60-lon170
51%
lat-60-lon-180
51%
lat-60-lon180
51%
lat80-lon10
51%
lat-10-lon170
50%
lat50-lon90
50%
lat0-lon130
49%
lat-20-lon50
49%
lat-40-lon0
49%
lat-50-lon10
49%
lat-50-lon20
49%
lat30-lon-60
46%
lat80-lon20
46%
lat10-lon140
45%
lat-10-lon180
45%
lat-10-lon-180
45%
lat-10-lon60
45%
lat-20-lon170
45%
lat0-lon80
44%
lat0-lon-180
43%
lat0-lon180
43%
lat0-lon70
43%
lat-20-lon60
43%
lat0-lon160
42%
lat-10-lon160
42%
lat-20-lon160
41%
lat-30-lon50
41%
lat50-lon100
41%
lat60-lon100
41%
lat60-lon110
41%
lat60-lon70
41%
lat0-lon150
40%
lat-20-lon-170
40%
lat-20-lon-180
40%
lat-20-lon180
40%
lat-10-lon140
39%
lat-10-lon-170
39%
lat10-lon70
39%
lat-10-lon70
39%
lat-10-lon80
39%
lat80-lon30
38%
lat-20-lon-160
37%
lat-20-lon70
37%
lat-30-lon-170
37%
lat-30-lon60
37%
lat0-lon140
36%
lat0-lon170
36%
lat-10-lon-10
36%
lat-10-lon130
36%
lat60-lon60
36%
lat60-lon80
36%
lat0-lon-170
34%
lat10-lon150
34%
lat40-lon-30
34%
lat70-lon70
34%
lat10-lon180
32%
lat10-lon-180
32%
lat10-lon160
31%
lat20-lon-40
31%
lat0-lon-30
29%
lat10-lon170
29%
lat-20-lon0
29%
lat20-lon170
29%
lat30-lon-30
29%
lat-10-lon150
28%
lat-40-lon50
28%
lat-10-lon-160
25%
lat-20-lon120
21%
lat-20-lon130
21%
lat20-lon160
19%
lat-20-lon80
18%
lat-30-lon70
18%
lat-40-lon60
18%
lat-40-lon40
14%
lat20-lon150
13%
lat30-lon160
13%
lat10-lon-170
12%
lat20-lon180
12%
lat20-lon-180
12%
lat30-lon170
12%
lat30-lon-50
9%
lat-50-lon30
9%
lat-30-lon-160
8%

Score Distribution

Percentile by Number Answered

Percent of People with Each Score

Your Score History

You have not taken this quiz